000 00332nam a2200133Ia 4500
008 161229s9999 xx 000 0 und d
020 _a0684864673
082 _a658. 8 DAY/MA
100 _aDay, George S
245 _aMarket driven organization
260 _bThe free press
_aNew York
_c1999
300 _axii, 285
942 _cBK
999 _c149923
_d149923